000 00421nam a2200145Ia 4500
008 230917s9999||||xx |||||||||||||| ||und||
040 _e162549
_aMAIN
041 _aEnglish
082 _a891.433721 DN536U
100 _aधीर, नरेन्द्र
245 0 _aउलझी राहें
260 _aदिल्ली
_bभावना प्रकाशन
_c1979
300 _a176पृ. p.
942 _cHN
999 _c44811
_d44811